Die baltischen Sprachen. - Leipzig [u.a.] : Langenscheidt. - 1994 [Rezension]
| Titel: | Die baltischen Sprachen. - Leipzig [u.a.] : Langenscheidt. - 1994 [Rezension] |
|---|---|
| Verfasser: | |
| In: |
Mitteilungen aus baltischem Leben, Band 33 [recte: 41], Heft 3 (171) (1995), Seite 25-26 alle Artikel anzeigen |
| Veröffentlicht: | 1995 |
| Format: | Aufsatz |
| Sprache: | Deutsch |
X
alg: 39474446
001A $01999:12-11-16
001B $06050:21-01-26 $t15:57:02.000
001D $01999:12-11-16
001U $0utf8
001X $00
002@ $0Aox
003@ $0394744462
007A $0394744462 $aHEB
007T $0Herd60220
010@ $ager
011@ $a1995
021A $aDie @baltischen Sprachen. - Leipzig {[u.a.] : Langenscheidt. - 1994 [Rezension]
028A $aEuler $dWolfram
031A $d33 [recte: 41] $e3 (171) $h25-26 $j1995
039B $aIn $8--Abvc--. Mitteilungen aus baltischem Leben. - Darmstadt : Dt.-Baltische Ges., 1961-. - ISSN 0026-6833 $x199500000330003975 $9047862173
039T $8--Aau--. Die @baltischen Sprachen. - 1. Aufl.. - Leipzig {[u.a.] : Langenscheidt, 1994. - 416 S.. - ISBN 3-324-00605-8 $9032405693
045F $a900.94793 $eDDC23BSB
045F/01 $a900
045F/03 $g4793
045F/03 $g4796
045T $a7,44
045T $aOST $qDE-12 $2FID
lok: 39474446 78
exp: 39474446 78 1 #EPN
201B/01 $018-11-16 $t12:35:39.000
201U/01 $0utf8
203@/01 $079104307X
208@/01 $a12-11-16 $be
209A/01 $a/ $f000 $x00
220C/01 $aTitelaufnehmer: pk
244Z/01 $2Trx $#Litauen $#Lithuania $#Litwa $#Litva $#Litva $8--Trx--Lietuva $x01 $9391193457
244Z/01 $2Trx $#Latvija $#Lettland $#Łotwa $#Lotyšsko $8--Trx--Latvija $x02 $9391275879
244Z/01 $2Trx $#arvustused $#recenzijos $#Reviews $#recenziók $#recenzje $#recenzie $#recenze $8--Trx--Rezensionen $x03 $9391357441
247C/01 $82080>Marburg/Lahn, Herder-Institut, Forschungsbibliothek, Bibliographieportal $9336309341
| LEADER | 00000caa a22000002c 4500 | ||
|---|---|---|---|
| 001 | 394744462 | ||
| 003 | DE-603 | ||
| 005 | 20260121155702.0 | ||
| 007 | tu | ||
| 008 | 161112s1995 xx |||| | u00||u|ger c | ||
| 035 | |a (DE-599)HEB394744462 | ||
| 040 | |a DE-603 |b ger |c DE-603 |d DE-603 | ||
| 041 | |a ger | ||
| 082 | 0 | 4 | |8 1\u |a 900.94793 |q DE-101 |2 23/BSB |
| 084 | |a 7,44 |2 ssgn | ||
| 084 | |a OST |q DE-12 |2 fid | ||
| 085 | |8 1\u |b 900 | ||
| 085 | |8 1\u |z 2 |s 4793 | ||
| 085 | |8 1\u |z 2 |s 4796 | ||
| 100 | 1 | |a Euler, Wolfram | |
| 245 | 0 | 0 | |a Die baltischen Sprachen. - Leipzig [u.a.] : Langenscheidt. - 1994 [Rezension] |
| 264 | 0 | |c 1995 | |
| 773 | 0 | 8 | |i In |t Mitteilungen aus baltischem Leben |d Darmstadt : Dt.-Baltische Ges., 1961- |h 30 cm |x 0026-6833 |g Band 33 [recte: 41], Heft 3 (171) (1995), Seite 25-26 |w (DE-603)047862173 |w (DE-600)557583-7 |
| 787 | 0 | 8 | |i Rezension von |t Die baltischen Sprachen |b 1. Aufl. |d Leipzig [u.a.] : Langenscheidt, 1994 |h 416 S. |z 3324006058 |w (DE-603)032405693 |
| 924 | 0 | |9 2080 |a (DE-603)79104307X |b DE-2080 |c HES |d d |g / | |


